| 000 | 01564nam a2200361 a 4500 | ||
|---|---|---|---|
| 001 | 00003837 | ||
| 003 | DO-SdBNP | ||
| 005 | 20180307081412.0 | ||
| 007 | 00003837 | ||
| 008 | 150130s2009 dr abc 000 0 spa d | ||
| 020 | _a9789803663755 | ||
| 040 |
_aBPMSU _bspa _cBPMSU |
||
| 092 |
_a372.83 _bS498c 2do. 2009 |
||
| 100 | 1 | _aSeverino, Banahi | |
| 245 | 1 | 0 |
_aCiencias sociales 2 / _cBanahi Severino ; colaboración Miriam Sosa Lora . |
| 260 |
_aSanto Domingo : _bActualidad Escolar 2000, _c2009. |
||
| 300 |
_a2v. : _bil., mapas, retrs. ; _c28 cm. |
||
| 500 | _aLa biblioteca posee v. 1. libro texto y v.2. Libro del maestro. | ||
| 500 | _aEste libro ha sido realizado de acuerdo al curriculum vigente y ha sido sometido a la evaluación y aprobación de la SEE. Revisado y actualizado en el 2009. | ||
| 505 | 1 |
_gunidad 1 -- _tYo vivo en mi comunidad -- _gunidad 2 -- _t¿Como se organiza mi comunidad? -- _gunidad 3 -- _tRepública Dominicana es mi país -- _rBanahi Severino -- |
|
| 650 | 4 |
_aCIENCIAS SOCIALES _xENSEÑANZA BÁSICA |
|
| 650 | 4 |
_aCIENCIAS SOCIALES _xESTUDIOS Y EJERCICIOS |
|
| 650 | 4 |
_aCIENCIAS SOCIALES _xLIBROS DE TEXTOS |
|
| 650 | 4 |
_aEDUCACIÓN PRIMARIA _zREPÚBLICA DOMINICANA |
|
| 650 | 4 |
_aCIENCIAS SOCIALES _xEDUCACIÓN PRIMARIA |
|
| 700 | 1 | 2 | _aSosa Lora, Miriam |
| 700 | 1 |
_aSandoval, Ramón _eil. |
|
| 910 | _aValidado. Control de calidad MFF | ||
| 942 |
_2ddc _cBK |
||
| 945 | _aRemanejado para la BNPHU / 2018 VM | ||
| 956 |
_aVMATEO _b10 _c20150603 _lBPMSU _h00151 |
||
| 956 |
_aLOPEREZ _b10 _c20160408 _lBPMSU _h0041 |
||
| 999 |
_c9654 _d9654 |
||